| Tag |
First Indicator |
Second Indicator |
Subfields |
| LEADER |
00000cam a2200000 a 4500 |
| 001 |
in00003486913 |
| 005 |
20151206122806.0 |
| 008 |
830228s1982 sz 00011 ger d |
| 020 |
|
|
|a 3858300195
|
| 035 |
|
|
|a (OCoLC)ocm09265454
|
| 040 |
|
|
|a GZM
|c GZM
|d m/c
|d TNY
|d UtOrBLW
|
| 090 |
|
|
|a PT2671.A397
|b P8
|
| 100 |
1 |
|
|a Kaiser, Ingeborg.
|
| 245 |
1 |
4 |
|a Die Puppenfrau :
|b ein Roman /
|c Ingeborg Kaiser.
|
| 264 |
|
1 |
|a Zürich :
|b Orte-Verlag,
|c [1982]
|
| 264 |
|
4 |
|c ©1982
|
| 300 |
|
|
|a 132 pages ;
|c 20 cm.
|
| 336 |
|
|
|a text
|b txt
|2 rdacontent
|
| 337 |
|
|
|a unmediated
|b n
|2 rdamedia
|
| 338 |
|
|
|a volume
|b nc
|2 rdacarrier
|
| 490 |
1 |
|
|a Orte-Bibliothek
|
| 830 |
|
0 |
|a Orte-Bibliothek.
|
| 999 |
|
|
|a MARS
|
| 999 |
f |
f |
|s 1f0ecafb-3a93-3c2a-a921-a11f831128bd
|i 57875fdf-7755-30d4-a853-8328c0ae402e
|t 0
|
| 952 |
f |
f |
|p ric
|a Texas A&M University
|b Rellis Campus
|c Joint Library Facility
|d Remote Storage
|t 0
|e PT2671.A397 P8
|h Library of Congress classification
|i unmediated -- volume
|m 32060004357162
|
| 998 |
f |
f |
|a PT2671.A397 P8
|t 0
|l Remote Storage
|